书目信息 |
| 题名: |
历代名贤处世家书
|
|
| 作者: | 徐益棠 , 刘奉文 编 | |
| 分册: | 下 | |
| 出版信息: | 长春 时代文艺出版社 2009.07 |
|
| 页数: | 152页 | |
| 开本: | 20cm | |
| 丛书名: | ||
| 单 册: | ||
| 中图分类: | I247.5 | |
| 科图分类: | ||
| 主题词: | 长篇小说--中国--当代 | |
| 电子资源: | ||
| ISBN: | 7-5387-0897-9 | |
| 000 | 00788nam0 2200229 450 | |
| 001 | 1053622632 | |
| 005 | 20100712104457.53 | |
| 010 | @a7-5387-0897-9@dCNY25.00 | |
| 100 | @a20100515d2009 km y0chiy0120 ea | |
| 101 | 0 | @achi |
| 102 | @aCN@b220000 | |
| 105 | @ay z 000yy | |
| 200 | 1 | @a历代名贤处世家书@Ali dai ming xian chu shi jia shu@h下@f徐益棠, 刘奉文编@Fxu yi tang,liu feng wen bian |
| 210 | @a长春@c时代文艺出版社@d2009.07 | |
| 215 | @a152页@d20cm | |
| 330 | @a时代不同,人们的思想,修养,行为等都各有差异,历代名贤对此总结了许多宝贵的经验,如正心修身,识人慎交,明事理,雅行止等。 | |
| 606 | 0 | @a长篇小说@y中国@z当代 |
| 690 | @aI247.5@v4 | |
| 701 | 0 | @a徐益棠@Axu yi tang@4编 |
| 701 | 0 | @a刘奉文@Aliu feng wen@4编 |
| 801 | 0 | @aCN@c20100515 |
| 905 | @dI247.5@eX8302-2:2@f3 | |
| 历代名贤处世家书.下/徐益棠, 刘奉文编.-长春:时代文艺出版社,2009.07 |
| 152页;20cm |
| ISBN 7-5387-0897-9:CNY25.00 |
| 时代不同,人们的思想,修养,行为等都各有差异,历代名贤对此总结了许多宝贵的经验,如正心修身,识人慎交,明事理,雅行止等。 |
| ● |
| 相关链接 |
|
|
|
正题名:历代名贤处世家书
索取号:I247.5/X8302-2:2
 
预约/预借
| 序号 | 登录号 | 条形码 | 馆藏地/架位号 | 状态 | 备注 |
| 1 | 990552 | 209905520 | 文学库108/108文学库 39排4列1层/ [索取号:I247.5/X8302-2:2] | 在馆 | |
| 2 | 990553 | 209905539 | 社科二线422/422社科库 8排1列6层/ [索取号:I247.5/X8302-2:2] | 在馆 | |
| 3 | 990554 | 209905548 | 文学库108/108文学库 39排4列1层/ [索取号:I247.5/X8302-2:2] | 在馆 |